Statistiques concernant Candidats de Moundir et les apprentis aventuriers (Saisons 1 à 3)

Cliquez ici pour prendre le quiz!

Statistiques générales

  • Ce quiz a été pris 154 fois
  • Le résultat moyen est 31 sur 38

Statistiques - réponses

Saison Candidat % Correct
Saison 1Julien
99%
Saison 2Kévin
94%
Saison 1Hillary
94%
Saison 1Manon
94%
Saison 3Milla
93%
Saison 2Carla
92%
Saison 3Sébastien
90%
Saison 3Nikola
90%
Saison 2Mélanie
90%
Saison 3Paga
89%
Saison 3Elsa
85%
Saison 3Benjamin
85%
Saison 1Valentin
85%
Saison 3Camille
84%
Saison 2Fidji
83%
Saison 1Aurélie
82%
Saison 3Laura
82%
Saison 1Virgil
82%
Saison 2Bastien
81%
Saison 2Ricardo
79%
Saison 2Martika
78%
Saison 3Alain
75%
Saison 3Noré
74%
Saison 3Kamila
74%
Saison 1Rémi
73%
Saison 2Kelly
72%
Saison 2Jessy
72%
Saison 1Anissa
70%
Saison 2Neymar
66%
Saison 1Evy
63%
Saison 1Greg
54%
Saison 1Elodie
47%
Saison 1Jean-Christophe
43%

Distribution des résultats

Percentile par nombre de réponses

% des personnes avec chaque résultat

Votre développement - résultats

Vous n’avez pas pris ce quiz